Statistics for Tallest Countries

Click here to take the quiz!

General Stats

  • This quiz has been taken 32 times
  • The average score is 7 of 10

Answer Stats

Average Height (in.)Country% Correct
71.81Norway
91%
71.26Germany
87%
72.36The Netherlands
83%
71.89Denmark
74%
70.83Luxembourg
65%
70.98Slovenia
61%
71.06Croatia
57%
70.97Czechia
52%
72.13Montenegro
48%
71.65Serbia
48%

Score Distribution

Percentile by Number Answered

Percent of People with Each Score

Your Score History

You have not taken this quiz